Špecifiká kúpneho správania zákazníkov na trhoch výrobných spotrebiteľov
Priemyselný trh a špecifiká kúpneho správania zákazníkov. Rozdiely medzi spotrebiteľským trhom a priemyselným trhom. Kritériá segmentácie priemyselného trhu. Obchodný trh a špecifiká kúpneho správania zákazníkov. Špecifiká obchodného trhu. Faktory ovplyvňujúce kúpne správanie sprostredkovateľov. Štá...
Enregistré dans:
| Auteur principal: | |
|---|---|
| Autres auteurs: | |
| Format: | Chapitre de livre |
| Langue: | slovaque |
| Sujets: | |
| Tags: |
Pas de tags, Soyez le premier à ajouter un tag!
|
MARC
| LEADER | 00000nla a2200000 4500 | ||
|---|---|---|---|
| 001 | 0223759 | ||
| 005 | 20240522135735.5 | ||
| 041 | 0 | |a slo | |
| 044 | |a SK | ||
| 245 | 1 | 0 | |a Špecifiká kúpneho správania zákazníkov na trhoch výrobných spotrebiteľov |c Dana Hrušovská, Peter Štetka |
| 520 | |a Priemyselný trh a špecifiká kúpneho správania zákazníkov. Rozdiely medzi spotrebiteľským trhom a priemyselným trhom. Kritériá segmentácie priemyselného trhu. Obchodný trh a špecifiká kúpneho správania zákazníkov. Špecifiká obchodného trhu. Faktory ovplyvňujúce kúpne správanie sprostredkovateľov. Štátny trh a špecifiká kúpneho správania zákazníkov. Legislatíva týkajúca sa verejného obstarávania. Štatistické vyhodnotenie verejného obstarávania podľa predmetu a zmluvnej hodnoty za roky 2007 – 2014. | ||
| 610 | 2 | 0 | |a trh |
| 610 | 2 | 0 | |a trh spotrebiteľský |
| 610 | 2 | 0 | |a segmentácia trhu |
| 610 | 2 | 0 | |a správanie spotrebiteľa |
| 610 | 2 | 0 | |a zákazníci |
| 610 | 2 | 0 | |a nákup |
| 610 | 2 | 0 | |a sprostredkovatelia |
| 610 | 2 | 0 | |a obstarávanie verejné |
| 610 | 2 | 0 | |a legislatíva |
| 100 | 1 | |a Hrušovská, Dana, 1964- | |
| 700 | 1 | |a Štetka, Peter, 1986- | |